[Event "SLO-chT2 Ost"]
[Site "Slovenia"]
[Date "2021.10.16"]
[Round "8.3"]
[White "Drevensek, Miran"]
[Black "Prisenk, Silvo"]
[Result "0-1"]
[WhiteElo "1710"]
[BlackElo "1670"]
[PlyCount "86"]
[EventDate "2021.09.11"]
[EventType "team-tourn"]
[EventRounds "9"]
[EventCountry "SLO"]
[SourceTitle "EXT 2024"]
[Source "ChessBase"]
[SourceDate "2023.10.10"]
[SourceVersion "1"]
[SourceVersionDate "2023.10.10"]
[SourceQuality "1"]
[WhiteTeam "Maribor Poligram III"]
[BlackTeam "Ruse Messer"]
[WhiteTeamCountry "SLO"]
[BlackTeamCountry "SLO"]

1. c4 g6 2. g3 Bg7 3. Bg2 c6 4. Nc3 Nf6 5. e4 e5 6. Nge2 d6 7. d3 Na6 8. a3 Nc5 9. b4 Ne6 10. 0-0 Nh5 11. Be3 0-0 12. Rc1 f5 13. exf5 gxf5 14. f4 Bh6 15. Qd2 exf4 16. Nxf4 Nexf4 17. gxf4 Bd7 18. Rf3 Bg7 19. Rh3 Nf6 20. d4 Ng4 21. Bf3 Qf6 22. Bxg4 fxg4 23. Rg3 h5 24. Ne4 Qg6 25. Nf2 Rae8 26. d5 Bf6 27. Kh1 Bh4 28. Rg2 Bf5 29. Kg1 Be4 30. Nxe4 Qxe4 31. dxc6 Qxe3+ 32. Qxe3 Rxe3 33. cxb7 Rb8 34. c5 dxc5 35. h3 Rxh3 36. Rxc5 Rxb7 37. b5 Be7 38. Rc8+ Kg7 39. a4 Ra3 40. Re2 Rxa4 41. Re8 Bf6 42. R2e6 Rxf4 43. Ra8 Bd4+ 0-1

[Event "SLO-chT2 East"]
[Site "Velenje"]
[Date "2005.11.23"]
[Round "8"]
[White "Klampfer, Rafael"]
[Black "Prisenk, Silvo"]
[Result "0-1"]
[WhiteElo "1868"]
[BlackElo "1842"]
[PlyCount "50"]
[EventDate "2005.05.27"]
[EventType "team"]
[EventRounds "9"]
[EventCountry "SLO"]
[SourceTitle "EXT 2009"]
[Source "ChessBase"]
[SourceDate "2008.11.26"]
[SourceVersion "1"]
[SourceVersionDate "2008.11.26"]
[SourceQuality "1"]

1. c4 e5 2. Nc3 f5 3. g3 Nf6 4. Bg2 d6 5. e3 c6 6. Nge2 Be6 7. b3 Nbd7 8. Bb2 Qc7 9. 0-0 g5 10. f4 gxf4 11. exf4 h5 12. fxe5 dxe5 13. d4 0-0-0 14. dxe5 Nxe5 15. Qc2 h4 16. Na4 hxg3 17. Nf4 gxh2+ 18. Kh1 Bd7 19. Rae1 Neg4 20. Ne6 Bxe6 21. Rxe6 Nh5 22. Rf3 Ng3+ 23. Rxg3 Qxg3 24. Re2 Rh5 25. Bc1 f4 0-1

[Event "SLO-chT2 East"]
[Site "Velenje"]
[Date "2005.11.23"]
[Round "9"]
[White "Prisenk, Silvo"]
[Black "Bezjak, Janez"]
[Result "0-1"]
[WhiteElo "1842"]
[BlackElo "1996"]
[PlyCount "84"]
[EventDate "2005.05.27"]
[EventType "team"]
[EventRounds "9"]
[EventCountry "SLO"]
[SourceTitle "EXT 2009"]
[Source "ChessBase"]
[SourceDate "2008.11.26"]
[SourceVersion "1"]
[SourceVersionDate "2008.11.26"]
[SourceQuality "1"]

1. e4 d5 2. exd5 Qxd5 3. Nf3 c6 4. d4 Nf6 5. c4 Qd8 6. Nc3 Bg4 7. Be2 e6 8. h3 Bh5 9. Be3 Be7 10. Qb3 Qc8 11. g4 Bg6 12. Ne5 Nbd7 13. 0-0-0 Nxe5 14. dxe5 Nd7 15. f4 Nc5 16. Bxc5 Bxc5 17. Na4 Be7 18. Bd3 Bxd3 19. Qxd3 Qc7 20. Qe4 0-0 21. f5 Rad8 22. Nc3 Qa5 23. Kb1 Rfe8 24. Qf4 Rxd1+ 25. Rxd1 Rd8 26. Rxd8+ Qxd8 27. Kc2 Bc5 28. f6 Qd4 29. Qg5 g6 30. h4 Qxc4 31. h5 Qd4 32. hxg6 hxg6 33. Qh6 Bf8 34. Qh2 Qxg4 35. Ne2 Qh5 36. Qxh5 gxh5 37. Nf4 h4 38. Kd3 Bh6 39. Nh3 Kh7 40. Ke4 Kg6 41. Nf2 Kg5 42. b3 Bf8 0-1

[Event "SLO-chT2 East"]
[Site "Velenje"]
[Date "2005.11.08"]
[Round "7"]
[White "Prisenk, Silvo"]
[Black "Urnaut, Franjo"]
[Result "0-1"]
[WhiteElo "1842"]
[BlackElo "1988"]
[PlyCount "91"]
[EventDate "2005.05.27"]
[EventType "team"]
[EventRounds "9"]
[EventCountry "SLO"]
[SourceTitle "EXT 2009"]
[Source "ChessBase"]
[SourceDate "2008.11.26"]
[SourceVersion "1"]
[SourceVersionDate "2008.11.26"]
[SourceQuality "1"]

1. e4 e5 2. c3 Nf6 3. d3 d5 4. exd5 Qxd5 5. h3 Bc5 6. Be3 Nc6 7. Bxc5 Qxc5 8. Nf3 0-0 9. Be2 e4 10. d4 Qb6 11. Nfd2 Qxb2 12. Nb3 Be6 13. Qd2 Qxd2+ 14. N1xd2 b6 15. g4 g5 16. Nf1 Bxb3 17. axb3 Nd5 18. Kd2 Na5 19. Rb1 Nf4 20. Ne3 Nb7 21. Bb5 Rad8 22. Kc2 c5 23. Bc6 cxd4 24. Bxb7 dxe3 25. fxe3 Nd5 26. Bxd5 Rxd5 27. h4 Rfd8 28. Rh2 gxh4 29. Rbh1 Rd3 30. Re2 Rc8 31. c4 b5 32. Rxh4 bxc4 33. bxc4 Rxc4+ 34. Kb2 a5 35. Reh2 a4 36. Rxh7 a3+ 37. Ka2 Rxe3 38. Rh8+ Kg7 39. R8h7+ Kg6 40. R2h6+ Kg5 41. Rh5+ Kxg4 42. Rh4+ Kg5 43. R4h5+ Kf6 44. R5h6+ Ke7 45. Ra6 Rc2+ 46. Kb1 0-1